Optimización del control de calidad (Registro nro. 9134)

Detalles MARC
000 -LEADER
fixed length control field 00399 a2200133 4500
001 - CONTROL NUMBER
control field ART_7560
005 - DATE AND TIME OF LATEST TRANSACTION
control field 20260410161555.0
008 - FIXED-LENGTH DATA ELEMENTS--GENERAL INFORMATION
fixed length control field 260409a
100 1# - MAIN ENTRY--PERSONAL NAME
Personal name Canetti, Miguel Marcelo
245 10 - TITLE STATEMENT
Title Optimización del control de calidad
700 1# - ADDED ENTRY--PERSONAL NAME
Personal name Freire, Liliana B.
700 1# - ADDED ENTRY--PERSONAL NAME
Personal name Neira, Graciela M.
773 0# - HOST ITEM ENTRY
Title Profesional & Empresaria
Related parts - Año IX, Nº 104 (may. 2008)
Record control number REV70

No hay ítems disponibles.